| 000 | 02498nam0a2200421 i 4500 | ||
|---|---|---|---|
| 001 | RU\NLR\BIBL_A\010955067 | ||
| 005 | 20260408064704.0 | ||
| 010 |
_a9785863492056 _960 |
||
| 021 |
_aRU _b2015-100047 _96230 |
||
| 035 | _a(NILC)RuMoRGB-008105757 | ||
| 035 | _a(NLR Aleph) 010955067 | ||
| 090 |
_a10787506 _c10787506 |
||
| 100 | _a20160121d2015 k y0rusy50 ca | ||
| 101 | 0 | _arus | |
| 102 | _aRU | ||
| 105 | _aab z 000yy | ||
| 200 | 1 |
_aВосточная часть Баренцева моря: экологические исследования района Штокмановского ГКМ и инфраструктурных объектов _f[Анисимова Н. А., Бензик А. Н., Бойцов В. Д. и др.] _gпод общ. ред. В. В. Минасяна, к.т.н., О. В. Титова, д.геогр.н. _gФедер. агентство по рыболовству, Полярный науч.-исслед. ин-т мор. рыбного хоз-ва и океанографии им. Н. М. Книповича (ПИНРО), О-во с огранич. ответственностью "Фрэком" |
|
| 210 |
_aМурманск _cИзд-во ПИНРО _d2015 |
||
| 215 |
_a281 с. _cил., цв. ил., карт. _d29 |
||
| 300 | _aАвт. указаны на обороте тит. л. | ||
| 320 | _aБиблиогр.: с. 263-280 | ||
| 606 | 1 |
_aЭкологические исследования _yБаренцево море _yВосточная часть _92269278 _3RU\NLR\AUTH\6601589382 |
|
| 607 |
_aБаренцево море _xГидрология _yВосточная часть _92269272 _3RU\NLR\AUTH\6601589379 |
||
| 607 |
_aБаренцево море _xЗагрязнение _yВосточная часть _92269274 _3RU\NLR\AUTH\6601589380 |
||
| 675 | _a574 | ||
| 686 | 1 | _aД221.9(912.1) | |
| 686 | 1 | _aД221.127(912.1) | |
| 686 | 1 | _aЕ082.401(912.1) | |
| 701 | 1 |
_aАнисимова _bН. А. |
|
| 701 | 1 |
_aБензик _bА. Н. _gАлександр Николаевич |
|
| 701 | 1 |
_aБойцов _bВ. Д. _gВладимир Дмитриевич |
|
| 702 | 1 |
_aМинасян _bВ. В. _4340 |
|
| 712 | 0 | 2 |
_4570 _aПолярный НИИ морского рыбного хозяйства и океанографии им. Н. М. Книповича _cМурманск _3RU\NLR\AUTH\8810042692 _9584826 |
| 801 | 0 |
_aRU _bРГБ _c20151225 _gRCR |
|
| 942 | _cBOOK | ||
| 980 | _aNBR | ||